Estadísticas para El Único País Africano...

Haz click aquí para intentar la prueba.

Estadísticas generales

  • Esta prueba ha sido intentada 4.195 veces
  • La puntuación promedio es 13 de 20

Estadísticas de respuestas

El único país africano que...País% Correcto
comienza con KKenia
98%
invadió Israel dos vecesEgipto
89%
recibe más de 10 millones de turistas al añoMarruecos
86%
ha ganado 10 premios NobelSudáfrica
85%
está completamente rodeado por otro paísLesoto
79%
tiene más de 1.000.000 de kilómetros cuadrados de bosqueRepública Democrática del Congo
79%
está completamente al norte de 30° NTúnez
75%
tiene el español como idioma oficialGuinea Ecuatorial
74%
perdió más del 20% de su área en 2011Sudán
71%
tiene una montaña con una elevación de más de 5.500 metrosTanzania
69%
está a sólo 20 km de YemenYibuti
67%
tiene una capital en el Lago VictoriaUganda
63%
es el lugar de nacimiento de más de 700.000 residentes francesesArgelia
62%
hace más de 500 películas por añoNigeria
62%
tiene más de 2.000 especies que no se pueden encontrar en ningún otro lugarMadagascar
61%
tiene una capital nombrada por un presidente de los Estados UnidosLiberia
50%
no fue habitado por los humanos hasta 1700Seychelles
46%
tiene más de 100.000 elefantesBotsuana
43%
habla principalmente oromo y amáricoEtiopía
32%
fue gobernado por un dictador nonagenarioZimbabue
26%

Distribución de puntuación

Porcentaje por número respondido

Porcentaje de gente con cada puntuación

Historial de tus puntuaciones

No has intentado esta prueba.